000 00441nam a2200169Ia 4500
003 IN-BaIIA
008 211028s9999 xx 000 0 eng d
040 _cIIA Library
080 _a541.5
_bPAL
100 _aPalmer, W. G.
_91810
245 0 _aValency
_bclassical modern
_cW. G. Palmer
260 _aCambridge
_bCambridge University Press
_c1948
300 _aix, 242p.
650 _aChemistry
_91811
650 _aValency
_91812
942 _cBK
999 _c846
_d846